| 000 | 01716cam a22004814i 4500 | ||
|---|---|---|---|
| 003 | PE-LiUPU | ||
| 005 | 20250731172946.0 | ||
| 008 | 150623s r 000 0 d | ||
| 020 | _a0931464153 | ||
| 035 | _a(Sirsi) i9780931464157 | ||
| 040 |
_aPE-LiUPU _bspa _cPE-LiUPU _erda |
||
| 049 | _aPRUA | ||
| 082 | 0 | 4 |
_a221.6 _bQ74 _221 |
| 245 | 0 | 4 |
_aThe Quest for the kingdom of God : _bstudies in honor of George E. Mendenhall / _ceditado por H. B. huffmon, F. A. Spina y A. R. W. Green. |
| 264 | 1 |
_aWinona Lake, Indiana : _bEisenbrauns, _c1983. |
|
| 300 |
_a316 páginas ; _c23.5 centímetros |
||
| 336 |
_atext _2rdacontent |
||
| 337 |
_aunmediated _2rdamedia |
||
| 338 |
_avolume _2rdacarrier |
||
| 505 | 0 | _aThe federation and the early monarchy. -Covenant and law. -Prophecy and poetry. -Archaeology and history. -Biblical ideology. | |
| 526 | _aSEG42 | ||
| 526 | _aSEG41 | ||
| 526 | _aSEG40 | ||
| 526 | _aSEG39 | ||
| 526 | _aP94 | ||
| 526 | _aP87 | ||
| 526 | _aP86 | ||
| 526 | _aP85 | ||
| 526 | _aP77 | ||
| 526 | _aP76 | ||
| 526 | _aP35 | ||
| 630 |
_aBiblia. _pA.T. _xCrítica, interpretación, etc. _vEnsayos. |
||
| 650 | 0 | 4 |
_aJudíos _xHistoria _y586 a.C. _vEnsayos. |
| 700 | 1 |
_aGreen, A. R. W., _eed. |
|
| 700 | 1 |
_aHuffmon, H. B., _eed. |
|
| 700 | 1 |
_aSpina, F.A., _eed. |
|
| 942 |
_2ddc _cBOOK |
||
| 949 |
_a221.6 Q74 _wDEWEY _c1 _i44748 _lCCODEBUL1 _mBUL _r0 _sY _tBOOK _u2015-6-24 _xTEOLOGIA _PP35 _0COMPRA _o.STAFF. Colección General |
||
| 994 |
_aC0 _bPEPRU |
||
| 596 | _a1 | ||
| 999 |
_a221.6 Q74 _wDEWEY _c21615 _i44748 _f2021-11-9 _g5 _lCCODEBUL1 _mBUL _r0 _sY _tBOOK _u2015-6-24 _xTEOLOGIA _PP35 _0COMPRA _o.STAFF. Colección General _d21615 |
||
| 980 |
_81 _gALBERTO SANCHEZ Responsable de Automatización |
||